000 01115nam0a22002771 4500
001 rc\2695960
005 20250623164351.0
035 _a(NLR Aleph) 006824156
090 _a6475401
_c6475401
100 _a20110915d1933 |||y0rusy50 ca
101 0 _arus
102 _aRU
105 _aa z |||||
200 1 _aК тектонике Африки
_fД. И. Мушкетов...
210 _a[Ленинград]
_cГеоразведиздат
_d[1933]
_gтип. им. Котлякова
215 _a14 с. (по общ. паг. 1053-1066), 1 вкл. л. ил.
_d25х17 см.
225 1 _aИзвестия Всесоюзного геолого-разведочного объединения...
_fЦНИГРИ. Сектор геол. карты
_v[Т.] 51, вып. 71. 1932...
300 _aРезюме на англ. яз.
320 _aБиблиогр.: "Литература" (7 назв.)
700 1 _aМушкетов
_bД.И.
_f1882-
_gДмитрий Иванович
801 0 _aRU
_bNLR
_gpsbo
801 1 _aRU
_bELAR
_2rusmarc
852 _aNLR
_jП8/128
942 _cBOOK
980 _aNB